Medios de comunicación [dvd] : en el medio i y ii

Guardado en:
Formato: Libro
Publicado: Buenos Aires : Educ.ar, 2011
Series:Colección Ministerio de Educación de la Nación
Materias:
Etiquetas: Agregar Etiqueta
Sin Etiquetas, Sea el primero en etiquetar este registro!
LEADER 01118nam a22002295a 4500
001 CEM.cems017840
005 20130904123732.0
008 130507s2011##################000#0#####d
003 CEMS
082 0 4 |a DVD370 
245 0 0 |a Medios de comunicación [dvd] :  |b en el medio i y ii 
260 |a Buenos Aires :  |b Educ.ar,  |c 2011 
300 |a 1 DVD 
490 0 |a Colección Ministerio de Educación de la Nación 
500 |a Nivel medioel diario, la radio, la televisión e Internet son medios a través de los cuales la información llega constantemente a la sociedad. En el medio ahonda en cada uno de ellos y profundiza en su funcionamiento explicando el proceso por el cual lo que acontece se transforma en noticia. Con la conducción de Gisela Busaniche, el ciclo analiza el rodl del periodismo en la sociedad actual 
505 0 |a El diario -- La radio -- La televisión -- Ley de Servicios de Comunicación Audiovisual 
653 |a Medios de comunicación 
653 |a Radio 
653 |a Televisión 
653 |a Diario 
653 |a Internet 
859 |a CEMS  |b BIB. CEMS - Agricultura  |h DVD370  |i Ar37  |p A0009.012  |t Ej.1  |v 9  |3 9